000 00387nam a2200181Ia 4500
001 1467
005 20260306143730.0
008 260306t1996||||xx |||||||||||||| ||spa||
041 _aESP
082 _a150.195
_bA62
100 _aAnzieu, Didier
_eAUT
245 0 _aCrear - Destruir
260 _c1996
300 _a
_c
650 _aGEN
654 _aCPS
942 _cLIB
_dJUS
_fJUS
_2ddc
_n
999 _c1467
_d1467